000
00309nam a22001337a 4500
008
171226b xxu||||| |||| 00| 0 eng d
020
_a
9780898157581
041
_a
eng
080
_a
331
100
_a
52
101
_a
PUN
245
_a
The 1996 What Color Is Your Parachute?
_c
Bolles, R.N
942
_2
udc
_c
BK
999
_c
39376
_d
39376